[Event "Titled Tuesday intern op 06th Feb Early"]
[Site "Chess.com INT"]
[Date "2024.02.06"]
[Round "6"]
[White "Vafin, Ayrat"]
[Black "Golubev, Mikhail"]
[Result "0-1"]
[WhiteElo "2302"]
[BlackElo "2461"]
[PlyCount "92"]
[EventDate "2024.02.06"]
[EventType "swiss (blitz)"]
[EventRounds "11"]
[EventCountry "USA"]
[SourceTitle "CB07_2024"]
[SourceDate "2024.02.14"]
[SourceVersion "1"]
[SourceVersionDate "2024.02.14"]
[SourceQuality "1"]

1. e4 c5 2. Nf3 d6 3. Bb5+ Bd7 4. Bxd7+ Nxd7 5. 0-0 Ngf6 6. Qe2 e6 7. c4 Ne5 8. b3 Nxf3+ 9. Qxf3 g6 10. Bb2 Bg7 11. d4 Nd7 12. Rd1 0-0 13. Qe2 cxd4 14. Bxd4 Bxd4 15. Rxd4 Qf6 16. Qd2 Ne5 17. Nc3 Nc6 18. Rxd6 Rad8 19. Rxd8 Rxd8 20. Qe1 Nb4 21. e5 Qf4 22. Rd1 Rxd1 23. Qxd1 Qxe5 24. Qd2 Nc2 25. h3 Nd4 26. Qe3 Qxe3 27. fxe3 Nc6 28. Nb5 Kf8 29. Kf2 Ke7 30. Nd4 Nb4 31. a3 Nd3+ 32. Ke2 Nc5 33. b4 Ne4 34. Kd3 f5 35. c5 Kd7 36. Nf3 Kc6 37. Kc4 b5+ 38. cxb6 axb6 39. Nd4+ Kd7 40. Kb5 Nd6+ 41. Kxb6 Nc4+ 42. Ka6 Nxa3 43. b5 e5 44. b6 exd4 45. b7 d3 46. b8Q d2 0-1

[Event "Titled Tuesday intern op 29th Aug Late"]
[Site "Chess.com INT"]
[Date "2023.08.29"]
[Round "9"]
[White "Goltsev, Dmitry"]
[Black "Vafin, Ayrat"]
[Result "1/2-1/2"]
[WhiteElo "2251"]
[BlackElo "2302"]
[PlyCount "166"]
[EventDate "2023.08.29"]
[EventType "swiss (blitz)"]
[EventRounds "11"]
[EventCountry "USA"]
[SourceTitle "EXT 2024"]
[Source "ChessBase"]
[SourceDate "2023.10.10"]
[SourceVersion "1"]
[SourceVersionDate "2023.10.10"]
[SourceQuality "1"]

1. e4 e5 2. Nf3 Nf6 3. Nxe5 d6 4. Nf3 Nxe4 5. d3 Nf6 6. d4 d5 7. c4 Be7 8. Nc3 0-0 9. Bd3 dxc4 10. Bxc4 Bg4 11. 0-0 Nc6 12. Bg5 Bxf3 13. Qxf3 Qxd4 14. Bb3 Qe5 15. Bh4 Qh5 16. Qf4 Bd6 17. Qa4 Ng4 18. h3 Qxh4 19. Qxg4 Qxg4 20. hxg4 Nd4 21. Bd1 Rfe8 22. Rc1 Ne6 23. g3 Be5 24. Bf3 Bxc3 25. Rxc3 c6 26. Rd1 Rad8 27. Rcd3 Rxd3 28. Rxd3 Rd8 29. Ra3 a6 30. Kg2 Kf8 31. Be4 h6 32. Bf5 Nd4 33. Be4 Ke7 34. Re3 Kf6 35. Rd3 Ne6 36. Rb3 Nc5 37. Rf3+ Ke7 38. Bc2 Rd2 39. Rc3 Ne6 40. b3 Nd4 41. Bb1 Rb2 42. Rc1 Kd6 43. Rd1 Kc5 44. Rc1+ Kd5 45. Re1 Kd6 46. Rd1 Ke5 47. Re1+ Kf6 48. Rd1 Ne6 49. Kg1 c5 50. f4 Nd4 51. Be4 Ne2+ 52. Kf1 Nxg3+ 53. Kg1 Nxe4 54. Rd7 b5 55. a4 Rxb3 56. a5 c4 57. Rc7 c3 58. Kg2 Rb2+ 59. Kf3 Nd6 60. Rxc3 Nc4 61. Ke4 Ra2 62. Rd3 Rxa5 63. Rd7 g5 64. f5 Ra4 65. Rc7 Nd6+ 66. Kd5 Ne8 67. Rc6+ Kg7 68. Ke5 Nf6 69. Rb6 Re4+ 70. Kd6 b4 71. Rxa6 b3 72. Rb6 Re3 73. Rb7 Rd3+ 74. Ke5 Rg3 75. Rb4 Nxg4+ 76. Kd6 Nf6 77. Ke7 Re3+ 78. Kd6 g4 79. Rc4 g3 80. Rc1 g2 81. Rg1 Re2 82. Rb1 b2 83. Rc1 bxc1Q 1/2-1/2

[Event "Titled Tuesday intern op 29th Aug Late"]
[Site "Chess.com INT"]
[Date "2023.08.29"]
[Round "6"]
[White "Skvortsov, Andrei"]
[Black "Vafin, Ayrat"]
[Result "1/2-1/2"]
[WhiteElo "2294"]
[BlackElo "2302"]
[PlyCount "140"]
[EventDate "2023.08.29"]
[EventType "swiss (blitz)"]
[EventRounds "11"]
[EventCountry "USA"]
[SourceTitle "EXT 2024"]
[Source "ChessBase"]
[SourceDate "2023.10.10"]
[SourceVersion "1"]
[SourceVersionDate "2023.10.10"]
[SourceQuality "1"]

1. e4 e5 2. d4 Nf6 3. Nc3 exd4 4. Qxd4 Nc6 5. Qd3 Bb4 6. Bd2 0-0 7. 0-0-0 Re8 8. Nge2 Ne5 9. Qg3 Nc4 10. Bg5 c6 11. a3 Be7 12. Nd4 Nh5 13. Bxe7 Qxe7 14. Nf5 Nxg3 15. Nxe7+ Rxe7 16. hxg3 Nb6 17. f4 d5 18. exd5 cxd5 19. Nxd5 Nxd5 20. Rxd5 Be6 21. Re5 Rc7 22. Bd3 h6 23. f5 Bd7 24. f6 Re8 25. Rxe8+ Bxe8 26. fxg7 Kxg7 27. Rh4 Bc6 28. Rg4+ Kf6 29. Rf4+ Kg5 30. Bc4 f6 31. Bf1 Re7 32. Kd2 Re4 33. Rf2 Rg4 34. Bd3 Rxg3 35. Rf5+ Kg4 36. Rxf6 Rxg2+ 37. Ke3 Kg5 38. Rg6+ Kh5 39. Rf6 Kg5 40. Rf7 h5 41. Rg7+ Kf6 42. Rh7 Kg5 43. b4 h4 44. b5 Rg3+ 45. Kd4 Bf3 46. Ke5 h3 47. Rg7+ Kh4 48. Rh7+ Kg5 49. a4 Bg2 50. Rg7+ Kh4 51. Rh7+ Kg5 52. Be2 Re3+ 53. Kd4 Rxe2 54. c4 Rc2 55. c5 Kg4 56. a5 Kg3 57. Rg7+ Kf2 58. c6 bxc6 59. Rf7+ Kg1 60. bxc6 Rxc6 61. Rxa7 Ra6 62. Rxa6 h2 63. Rh6 h1Q 64. Rxh1+ Bxh1 65. a6 Bg2 66. a7 Bf3 67. Kc5 Bg2 68. Kb6 Bf3 69. Kc7 Bg2 70. a8Q Bxa8 1/2-1/2

[Event "Titled Tuesday intern op 29th Aug Late"]
[Site "Chess.com INT"]
[Date "2023.08.29"]
[Round "11"]
[White "Vafin, Ayrat"]
[Black "Arabidze, Meri"]
[Result "0-1"]
[WhiteElo "2302"]
[BlackElo "2447"]
[PlyCount "84"]
[EventDate "2023.08.29"]
[EventType "swiss (blitz)"]
[EventRounds "11"]
[EventCountry "USA"]
[SourceTitle "EXT 2024"]
[Source "ChessBase"]
[SourceDate "2023.10.10"]
[SourceVersion "1"]
[SourceVersionDate "2023.10.10"]
[SourceQuality "1"]

1. Nf3 c5 2. g3 b6 3. Bg2 Bb7 4. 0-0 g6 5. d4 cxd4 6. Qxd4 Nf6 7. c4 Bg7 8. Nc3 d6 9. Bg5 Nbd7 10. Qd2 Rc8 11. b3 a6 12. Rac1 h6 13. Be3 Nc5 14. b4 Ncd7 15. Nd5 Ng4 16. Nd4 Nxe3 17. Qxe3 Ne5 18. Nf6+ Bxf6 19. Bxb7 Rc7 20. Bxa6 Kf8 21. Bb5 h5 22. Nf3 Ng4 23. Qxb6 Kg7 24. c5 h4 25. Rcd1 hxg3 26. hxg3 Qg8 27. Kg2 Rc8 28. cxd6 exd6 29. Qxd6 Rd8 30. Qf4 Rxd1 31. Rxd1 Qc8 32. Bd7 Qc2 33. Rd2 Qc1 34. Nh4 Bxh4 35. Qxg4 Qxd2 36. gxh4 Qd6 37. Bb5 Rh5 38. Bd3 Qf6 39. Qg3 Rxh4 40. b5 Rh5 41. Kf1 Rg5 42. Qf3 Qa1+ 0-1

[Event "Titled Tuesday intern op 29th Aug Late"]
[Site "Chess.com INT"]
[Date "2023.08.29"]
[Round "8"]
[White "Vafin, Ayrat"]
[Black "Gubajdullin, Alexey"]
[Result "1-0"]
[WhiteElo "2302"]
[BlackElo "2253"]
[PlyCount "99"]
[EventDate "2023.08.29"]
[EventType "swiss (blitz)"]
[EventRounds "11"]
[EventCountry "USA"]
[SourceTitle "EXT 2024"]
[Source "ChessBase"]
[SourceDate "2023.10.10"]
[SourceVersion "1"]
[SourceVersionDate "2023.10.10"]
[SourceQuality "1"]

1. Nf3 Nf6 2. g3 g6 3. Bg2 Bg7 4. 0-0 0-0 5. d4 d6 6. c4 Nbd7 7. Nc3 e5 8. e4 c6 9. Re1 Re8 10. h3 a5 11. Rb1 exd4 12. Nxd4 Nc5 13. b3 Nfd7 14. f4 h5 15. a3 h4 16. g4 Ne6 17. Nxe6 fxe6 18. e5 dxe5 19. Ne4 exf4 20. Bxf4 Ne5 21. Nd6 Nf7 22. Nxe8 Qxe8 23. Qd3 g5 24. Bd2 Qd7 25. Qxd7 Bxd7 26. Rbd1 a4 27. b4 Rd8 28. Be3 Bb2 29. Bb6 Re8 30. Rxd7 Bxa3 31. b5 Bb2 32. Bd4 a3 33. Bxb2 axb2 34. Rd2 Ne5 35. Rxb2 Nd3 36. Reb1 Nxb2 37. Rxb2 Rc8 38. bxc6 bxc6 39. Rb6 Kf7 40. Rxc6 Rb8 41. c5 Rb1+ 42. Kf2 Rb2+ 43. Kf3 Kf6 44. Rc8 Rc2 45. c6 Ke5 46. Bf1 Rc3+ 47. Kf2 Ke4 48. Re8 Rc2+ 49. Ke1 e5 50. Rd8 1-0

[Event "Titled Tuesday intern op 29th Aug Late"]
[Site "Chess.com INT"]
[Date "2023.08.29"]
[Round "1"]
[White "Vafin, Ayrat"]
[Black "Indjic, Aleksandar"]
[Result "0-1"]
[WhiteElo "2302"]
[BlackElo "2601"]
[PlyCount "40"]
[EventDate "2023.08.29"]
[EventType "swiss (blitz)"]
[EventRounds "11"]
[EventCountry "USA"]
[SourceTitle "EXT 2024"]
[Source "ChessBase"]
[SourceDate "2023.10.10"]
[SourceVersion "1"]
[SourceVersionDate "2023.10.10"]
[SourceQuality "1"]

1. Nf3 g6 2. g3 Bg7 3. d4 d6 4. Bg2 Nd7 5. 0-0 e5 6. c4 Nh6 7. dxe5 dxe5 8. Bg5 f6 9. Bxh6 Bxh6 10. Nc3 0-0 11. Nd2 f5 12. b4 e4 13. f4 exf3 14. Nxf3 Be3+ 15. Kh1 c6 16. Qd3 Qe7 17. Rad1 Nf6 18. Qd6 Qxd6 19. Rxd6 Kg7 20. Ng5 Bxg5 0-1

[Event "Titled Tuesday intern op 15th Aug Late"]
[Site "Chess.com INT"]
[Date "2023.08.15"]
[Round "6"]
[White "Caspi, Israel"]
[Black "Vafin, Ayrat"]
[Result "0-1"]
[WhiteElo "2468"]
[BlackElo "2302"]
[PlyCount "46"]
[EventDate "2023.08.15"]
[EventType "swiss (blitz)"]
[EventRounds "11"]
[EventCountry "USA"]
[SourceTitle "EXT 2024"]
[Source "ChessBase"]
[SourceDate "2023.10.10"]
[SourceVersion "1"]
[SourceVersionDate "2023.10.10"]
[SourceQuality "1"]

1. e4 e5 2. Nf3 Nf6 3. Nc3 Bb4 4. Nxe5 0-0 5. Nd3 Bxc3 6. dxc3 Nxe4 7. Be2 Re8 8. 0-0 d6 9. c4 Nd7 10. b3 Nc3 11. Qd2 Nxe2+ 12. Kh1 Nxc1 13. Raxc1 Nc5 14. Nf4 Bf5 15. f3 Qg5 16. g4 Ne6 17. gxf5 Qxf4 18. Qd5 Ng5 19. Qxb7 Rab8 20. Qxc7 Nxf3 21. Kg2 Nh4+ 22. Kh3 Re3+ 23. Rf3 Rxf3# 0-1

[Event "Titled Tuesday intern op 15th Aug Late"]
[Site "Chess.com INT"]
[Date "2023.08.15"]
[Round "3"]
[White "Isajevsky, Anton"]
[Black "Vafin, Ayrat"]
[Result "1-0"]
[WhiteElo "2404"]
[BlackElo "2302"]
[PlyCount "83"]
[EventDate "2023.08.15"]
[EventType "swiss (blitz)"]
[EventRounds "11"]
[EventCountry "USA"]
[SourceTitle "EXT 2024"]
[Source "ChessBase"]
[SourceDate "2023.10.10"]
[SourceVersion "1"]
[SourceVersionDate "2023.10.10"]
[SourceQuality "1"]

1. c4 e6 2. Nf3 d5 3. e3 Nf6 4. Nc3 Bd6 5. b3 0-0 6. Bb2 b6 7. Rc1 a6 8. cxd5 exd5 9. g3 Bb7 10. Ne2 Nbd7 11. Bg2 Qe7 12. 0-0 Rac8 13. Rc2 Ne5 14. Nxe5 Bxe5 15. Bxe5 Qxe5 16. d4 Qd6 17. Qc1 c5 18. Qa3 Nd7 19. Rd1 Qg6 20. Rcd2 c4 21. bxc4 Rxc4 22. Nf4 Qg5 23. Qd6 Nf6 24. Qxb6 Bc6 25. Qxa6 h5 26. h4 Qf5 27. Bf1 Rc2 28. Qd3 Qxd3 29. Bxd3 Rc3 30. Rc2 Rxc2 31. Bxc2 Ra8 32. Bb3 Ba4 33. Rc1 Bxb3 34. axb3 Rb8 35. Rb1 g6 36. b4 Rb5 37. f3 Kf8 38. Kf2 Ke7 39. Ke2 Kd6 40. Kd3 Nd7 41. Ne2 Nb6 42. Nc3 1-0

[Event "Titled Tuesday intern op 15th Aug Early"]
[Site "Chess.com INT"]
[Date "2023.08.15"]
[Round "5"]
[White "Lisenkov, Svyatoslav"]
[Black "Vafin, Ayrat"]
[Result "1/2-1/2"]
[WhiteElo "2089"]
[BlackElo "2302"]
[PlyCount "173"]
[EventDate "2023.08.15"]
[EventType "swiss (blitz)"]
[EventRounds "11"]
[EventCountry "USA"]
[SourceTitle "EXT 2024"]
[Source "ChessBase"]
[SourceDate "2023.10.10"]
[SourceVersion "1"]
[SourceVersionDate "2023.10.10"]
[SourceQuality "1"]

1. e4 e5 2. Nf3 Nf6 3. Nxe5 d6 4. Nf3 Nxe4 5. c4 Nc6 6. Nc3 Nxc3 7. dxc3 Be7 8. Bd3 Be6 9. 0-0 0-0 10. h3 Bf6 11. Qc2 h6 12. Bf4 Qd7 13. Rfb1 Ne5 14. Bxe5 Bxe5 15. Nxe5 dxe5 16. Re1 f6 17. Rad1 Qc6 18. b3 Rad8 19. Be4 Qb6 20. Bd5 Bxd5 21. cxd5 Qc5 22. c4 b5 23. Re4 c6 24. Rg4 cxd5 25. Qg6 Rf7 26. Qxh6 bxc4 27. bxc4 Rd6 28. Rb1 Rb6 29. Rxb6 axb6 30. cxd5 Qxd5 31. Qc1 Qxa2 32. Qc8+ Rf8 33. Qb7 Qf7 34. Qxb6 Rc8 35. Ra4 Qd7 36. Ra7 Qc6 37. Qb3+ Qc4 38. Qg3 Rc7 39. Ra8+ Kf7 40. Ra1 Qc3 41. Qxc3 Rxc3 42. Kf1 g5 43. Ke2 Kg6 44. Ra8 Rb3 45. Rg8+ Kf5 46. Ra8 Ke4 47. Ra4+ Kf5 48. Ra6 e4 49. Ra8 Kf4 50. g3+ Kf5 51. Re8 Rb2+ 52. Ke3 Rb3+ 53. Ke2 Ra3 54. Re7 Rb3 55. Kf1 Ra3 56. Kg2 Rb3 57. Re8 Ra3 58. Rf8 Ra2 59. Re8 Ra3 60. Kg1 Ra2 61. Kf1 Rb2 62. Ke1 Ra2 63. Kf1 Rc2 64. Re7 Ra2 65. Rb7 Ra3 66. Rb5+ Ke6 67. Ke2 Rc3 68. Rb6+ Ke5 69. Rb8 Kd4 70. Re8 Rc2+ 71. Ke1 Rc6 72. Ke2 Rc2+ 73. Ke1 Rc6 74. Rd8+ Ke5 75. Ke2 Rc2+ 76. Ke3 Rc3+ 77. Ke2 Ra3 78. Re8+ Kd4 79. Re6 f5 80. Rg6 f4 81. Rxg5 Ra2+ 82. Ke1 f3 83. Rg8 Ra1+ 84. Kd2 Ra2+ 85. Ke1 Ra1+ 86. Kd2 Ra2+ 87. Ke1 1/2-1/2

[Event "Titled Tuesday intern op 15th Aug Early"]
[Site "Chess.com INT"]
[Date "2023.08.15"]
[Round "10"]
[White "Vafin, Ayrat"]
[Black "Sreyas, Payyappat"]
[Result "1-0"]
[WhiteElo "2302"]
[BlackElo "2075"]
[PlyCount "57"]
[EventDate "2023.08.15"]
[EventType "swiss (blitz)"]
[EventRounds "11"]
[EventCountry "USA"]
[SourceTitle "EXT 2024"]
[Source "ChessBase"]
[SourceDate "2023.10.10"]
[SourceVersion "1"]
[SourceVersionDate "2023.10.10"]
[SourceQuality "1"]

1. Nf3 Nf6 2. g3 c5 3. Bg2 Nc6 4. d4 cxd4 5. Nxd4 g6 6. Nxc6 bxc6 7. c4 Bg7 8. Nc3 0-0 9. 0-0 Bb7 10. Qc2 d5 11. Na4 e5 12. Nc5 Bc8 13. Bg5 Qd6 14. cxd5 cxd5 15. Rad1 Bf5 16. e4 Rac8 17. b4 a5 18. Bxf6 Bxf6 19. exf5 axb4 20. Rxd5 Qb6 21. Nd7 Rxc2 22. Nxb6 Rxa2 23. Nd7 Bg7 24. Nxf8 Kxf8 25. fxg6 hxg6 26. Rb5 Rb2 27. Bd5 f5 28. Rb7 Bh8 29. Rc1 1-0

[Event "Titled Tuesday intern op 15th Aug Early"]
[Site "Chess.com INT"]
[Date "2023.08.15"]
[Round "9"]
[White "Zavgorodniy, Sergiy"]
[Black "Vafin, Ayrat"]
[Result "1/2-1/2"]
[WhiteElo "2416"]
[BlackElo "2302"]
[PlyCount "136"]
[EventDate "2023.08.15"]
[EventType "swiss (blitz)"]
[EventRounds "11"]
[EventCountry "USA"]
[SourceTitle "EXT 2024"]
[Source "ChessBase"]
[SourceDate "2023.10.10"]
[SourceVersion "1"]
[SourceVersionDate "2023.10.10"]
[SourceQuality "1"]

1. d4 d5 2. c4 e6 3. Nf3 Nf6 4. e3 Bd6 5. Nbd2 b6 6. Bd3 Bb7 7. 0-0 0-0 8. Qe2 Ne4 9. b3 Qe7 10. Bb2 Nd7 11. Ne5 Nxd2 12. Qxd2 Bxe5 13. dxe5 dxc4 14. Bxc4 Rfd8 15. Qe2 Nf8 16. Rfd1 Rxd1+ 17. Rxd1 Rd8 18. f3 Rd7 19. e4 Qd8 20. Rxd7 Qxd7 21. Qd3 Qxd3 22. Bxd3 Nd7 23. Kf2 Nc5 24. Bc2 Ba6 25. Ke3 Nd7 26. b4 Kf8 27. f4 Bc4 28. a3 c5 29. Bc3 Ke7 30. g4 Kd8 31. f5 Ke7 32. Kf4 Be2 33. h4 h6 34. g5 hxg5+ 35. hxg5 g6 36. Ba4 cxb4 37. axb4 exf5 38. exf5 gxf5 39. Kxf5 Bd3+ 40. Kf4 Nf8 41. Bd2 Ne6+ 42. Ke3 Bf5 43. Ke2 Nd4+ 44. Kf2 Ke6 45. Bc3 Kd5 46. Be8 Be6 47. Ke3 Nf5+ 48. Kf4 Nd4 49. Bb2 Ne2+ 50. Ke3 Ng3 51. b5 Nf5+ 52. Kf4 Nd4 53. Bxd4 Kxd4 54. g6 fxg6 55. Bxg6 Bd7 56. Bf5 Bxb5 57. e6 a5 58. e7 a4 59. Bg6 a3 60. Bf7 Kc3 61. Ke5 Kb2 62. Kd6 a2 63. Bxa2 Kxa2 64. Kc7 Be8 65. Kxb6 Kb3 66. Kc7 Kc4 67. Kd8 Bb5 68. e8Q Bxe8 1/2-1/2

[Event "Titled Tuesday intern op 08th Aug Late"]
[Site "Chess.com INT"]
[Date "2023.08.08"]
[Round "9"]
[White "Domingo Nunez, Alejandro"]
[Black "Vafin, Ayrat"]
[Result "1-0"]
[WhiteElo "2323"]
[BlackElo "2302"]
[PlyCount "75"]
[EventDate "2023.08.08"]
[EventType "swiss (blitz)"]
[EventRounds "11"]
[EventCountry "USA"]
[SourceTitle "EXT 2024"]
[Source "ChessBase"]
[SourceDate "2023.10.10"]
[SourceVersion "1"]
[SourceVersionDate "2023.10.10"]
[SourceQuality "1"]

1. Nf3 d5 2. g3 Nf6 3. Bg2 Bg4 4. 0-0 Nbd7 5. d4 Bxf3 6. Bxf3 e6 7. b3 Bd6 8. c4 c6 9. Bb2 0-0 10. Nd2 Qe7 11. e4 dxe4 12. Nxe4 Nxe4 13. Bxe4 Nf6 14. Bg2 Ba3 15. Bc3 Bb4 16. Qe1 Bxc3 17. Qxc3 Rfd8 18. Rad1 a5 19. Rfe1 Qc7 20. h3 h6 21. Bf3 Qb6 22. Re5 Qb4 23. Qc2 a4 24. Rd3 axb3 25. Rxb3 Qa4 26. Qb2 Qxc4 27. Rxb7 Rxa2 28. Qb6 Ra1+ 29. Kh2 Rxd4 30. Qc7 Nd7 31. Qd8+ Kh7 32. Rxd7 Rxd7 33. Qxd7 Qf1 34. Be4+ f5 35. Bxf5+ exf5 36. Qxf5+ g6 37. Qf7+ Kh8 38. Re8# 1-0

[Event "Titled Tuesday intern op 08th Aug Late"]
[Site "Chess.com INT"]
[Date "2023.08.08"]
[Round "7"]
[White "Vafin, Ayrat"]
[Black "Gabdushev, Ruslan"]
[Result "1-0"]
[WhiteElo "2302"]
[BlackElo "2256"]
[PlyCount "111"]
[EventDate "2023.08.08"]
[EventType "swiss (blitz)"]
[EventRounds "11"]
[EventCountry "USA"]
[SourceTitle "EXT 2024"]
[Source "ChessBase"]
[SourceDate "2023.10.10"]
[SourceVersion "1"]
[SourceVersionDate "2023.10.10"]
[SourceQuality "1"]

1. Nf3 g6 2. g3 Bg7 3. d4 d6 4. Bg2 c6 5. 0-0 Qc7 6. c4 e5 7. Nc3 Ne7 8. e4 0-0 9. Re1 h6 10. h3 a5 11. b3 Na6 12. dxe5 dxe5 13. Be3 Be6 14. Rc1 Rad8 15. Qe2 Nb4 16. Red1 Nc8 17. Nd5 Qb8 18. Nxb4 axb4 19. Bc5 Rfe8 20. Bxb4 b6 21. Bc3 c5 22. Rxd8 Rxd8 23. Rd1 Rxd1+ 24. Qxd1 Qa8 25. Qd8+ Kh7 26. Bxe5 Qxa2 27. Bxg7 Kxg7 28. Qd3 Qa1+ 29. Kh2 Qb2 30. Nd2 Ne7 31. e5 Qxe5 32. Qe4 Qc3 33. Qe3 Qxe3 34. fxe3 Nf5 35. Nf1 Kf6 36. g4 Nd6 37. Kg3 Ke5 38. Nd2 f5 39. Bc6 Ne4+ 40. Bxe4 fxe4 41. Nb1 g5 42. Nc3 Bf7 43. h4 Be6 44. Na4 b5 45. cxb5 Bxb3 46. Nxc5 Bd5 47. b6 Kd6 48. b7 Kc7 49. hxg5 hxg5 50. Kf2 Bxb7 51. Ne6+ Kd6 52. Nxg5 Ke5 53. Kg3 Bc8 54. Nf7+ Kf6 55. Nd6 Be6 56. Kf4 1-0

[Event "Titled Tuesday intern op 08th Aug Late"]
[Site "Chess.com INT"]
[Date "2023.08.08"]
[Round "2"]
[White "Vafin, Ayrat"]
[Black "Molenda, Marcin"]
[Result "1-0"]
[WhiteElo "2302"]
[BlackElo "2392"]
[PlyCount "65"]
[EventDate "2023.08.08"]
[EventType "swiss (blitz)"]
[EventRounds "11"]
[EventCountry "USA"]
[SourceTitle "EXT 2024"]
[Source "ChessBase"]
[SourceDate "2023.10.10"]
[SourceVersion "1"]
[SourceVersionDate "2023.10.10"]
[SourceQuality "1"]

1. Nf3 g6 2. g3 Bg7 3. d4 b6 4. Bg2 Bb7 5. 0-0 Nf6 6. c4 0-0 7. d5 c6 8. Nc3 cxd5 9. cxd5 Na6 10. e4 Rc8 11. e5 Ne8 12. Re1 d6 13. e6 f5 14. Nb5 Rc5 15. Nxa7 Qa8 16. Nc6 Bxc6 17. dxc6 Qxc6 18. Be3 Bxb2 19. Rb1 Bg7 20. Ne5 Qc7 21. Bxc5 Nxc5 22. Nd7 Nxd7 23. exd7 Qxd7 24. Rxb6 f4 25. Qb3+ Kh8 26. Rb7 Qf5 27. Rexe7 fxg3 28. Qxg3 Qc2 29. Be4 Qxa2 30. Bc6 Qa1+ 31. Kg2 Nf6 32. Rxg7 Qc1 33. Qf3 1-0

[Event "Titled Tuesday intern op 01st Aug Late"]
[Site "Chess.com INT"]
[Date "2023.08.01"]
[Round "3"]
[White "Kanakaris, Georgios"]
[Black "Vafin, Ayrat"]
[Result "1-0"]
[WhiteElo "2392"]
[BlackElo "2302"]
[PlyCount "121"]
[EventDate "2023.08.01"]
[EventType "swiss (blitz)"]
[EventRounds "11"]
[EventCountry "USA"]
[SourceTitle "EXT 2024"]
[Source "ChessBase"]
[SourceDate "2023.10.10"]
[SourceVersion "1"]
[SourceVersionDate "2023.10.10"]
[SourceQuality "1"]

1. d4 d5 2. c4 e6 3. Nf3 Nf6 4. e3 Be7 5. Nbd2 b6 6. Bd3 Bb7 7. b3 0-0 8. Bb2 Bd6 9. 0-0 Nbd7 10. Qe2 c5 11. Rac1 Qe7 12. Rfd1 Rac8 13. cxd5 exd5 14. Ba6 Bxa6 15. Qxa6 Nb8 16. Qd3 Rfd8 17. Qf5 Qe6 18. Nh4 Nc6 19. dxc5 bxc5 20. Bxf6 Qxf6 21. Qxf6 gxf6 22. Nf5 Bf8 23. Nb1 d4 24. Na3 dxe3 25. fxe3 Nb4 26. Nc4 Nxa2 27. Rxd8 Rxd8 28. Ra1 Nc3 29. Rxa7 Ne4 30. Ra1 h5 31. g3 Kh7 32. Kg2 Bh6 33. Ra7 Kg6 34. Nxh6 Kxh6 35. Rxf7 Rd3 36. Re7 Nc3 37. Re6 Kg7 38. Rd6 Nd5 39. Kf3 Nb4 40. Rxd3 Nxd3 41. Ke4 Nc1 42. Nd2 Kg6 43. Kd5 Nd3 44. Kc4 Ne5+ 45. Kxc5 Nd7+ 46. Kd6 Nb6 47. b4 h4 48. gxh4 Kh5 49. Nf3 Kg4 50. b5 Kxf3 51. h5 Nc4+ 52. Kc7 Nxe3 53. h6 Nd5+ 54. Kd6 Ne3 55. h7 Nf5+ 56. Kc5 Ng7 57. h8Q Ne6+ 58. Kd6 Ng5 59. Qxf6+ Kg4 60. Qxg5+ Kxg5 61. b6 1-0

[Event "Titled Tuesday intern op 01st Aug Late"]
[Site "Chess.com INT"]
[Date "2023.08.01"]
[Round "1"]
[White "Vafin, Ayrat"]
[Black "Janaszak, Dawid"]
[Result "1-0"]
[WhiteElo "2302"]
[BlackElo "2302"]
[PlyCount "147"]
[EventDate "2023.08.01"]
[EventType "swiss (blitz)"]
[EventRounds "11"]
[EventCountry "USA"]
[SourceTitle "EXT 2024"]
[Source "ChessBase"]
[SourceDate "2023.10.10"]
[SourceVersion "1"]
[SourceVersionDate "2023.10.10"]
[SourceQuality "1"]

1. Nf3 g6 2. g3 Bg7 3. d4 Nf6 4. Bg2 0-0 5. c4 d6 6. Nc3 c5 7. 0-0 Nc6 8. d5 Na5 9. Nd2 e6 10. dxe6 Bxe6 11. Nd5 Qd7 12. Nxf6+ Bxf6 13. Qc2 Bh3 14. Rb1 Bxg2 15. Kxg2 Rfe8 16. e4 Nc6 17. Nf3 Nb4 18. Qe2 Nxa2 19. Bf4 Qc6 20. Rfe1 Nb4 21. Rbd1 Rad8 22. h4 h5 23. Ng5 b6 24. f3 Rd7 25. Rd2 Be5 26. Be3 Red8 27. Red1 a5 28. Nh3 a4 29. Bg5 Re8 30. Nf2 Bd4 31. Be3 Bg7 32. Nh3 Qc7 33. Nf4 Be5 34. Nh3 Nc6 35. Rd5 Nd4 36. Bxd4 cxd4 37. f4 Bg7 38. Nf2 f5 39. Qd3 fxe4 40. Nxe4 Rde7 41. Ng5 Re2+ 42. Kf1 R8e4 43. Nxe4 Re3 44. Qc2 d3 45. R5xd3 Rxe4 46. Rxd6 Rxc4 47. Qxg6 Rc1 48. Rd8+ Qxd8 49. Rxc1 Qa8 50. Qe6+ Kh7 51. Kf2 Bd4+ 52. Ke2 Qg2+ 53. Kd3 Qxb2 54. Qf7+ Bg7 55. Qxh5+ Kg8 56. Qe8+ Bf8 57. Qe6+ Kh7 58. Qf5+ Kh8 59. Qe5+ Bg7 60. Qxb2 Bxb2 61. Rc8+ Kg7 62. g4 a3 63. Ra8 b5 64. Kc2 b4 65. Kb3 Bc3 66. f5 Kf6 67. Ra6+ Kg7 68. g5 Bd2 69. Ra7+ Kg8 70. f6 Bc3 71. h5 Bd2 72. g6 Bf4 73. Ra8+ Bb8 74. Rxb8# 1-0

[Event "Titled Tuesday intern op 01st Aug Early"]
[Site "Chess.com INT"]
[Date "2023.08.01"]
[Round "5"]
[White "Vafin, Ayrat"]
[Black "Kotyk, Michael"]
[Result "0-1"]
[WhiteElo "2302"]
[BlackElo "2167"]
[PlyCount "86"]
[EventDate "2023.08.01"]
[EventType "swiss (blitz)"]
[EventRounds "11"]
[EventCountry "USA"]
[SourceTitle "EXT 2024"]
[Source "ChessBase"]
[SourceDate "2023.10.10"]
[SourceVersion "1"]
[SourceVersionDate "2023.10.10"]
[SourceQuality "1"]

1. Nf3 f5 2. g3 Nf6 3. Bg2 g6 4. 0-0 Bg7 5. d4 0-0 6. c4 d6 7. Nc3 Qe8 8. Re1 Qf7 9. b3 h6 10. e4 Nxe4 11. Nxe4 fxe4 12. Rxe4 Bf5 13. Re3 Nc6 14. Bb2 Rae8 15. Qd2 e5 16. dxe5 dxe5 17. Nh4 Be6 18. Rf3 Rd8 19. Qc2 Bf5 20. Nxf5 gxf5 21. Bh3 Ne7 22. Rd3 e4 23. Rxd8 Rxd8 24. Bxg7 Qxg7 25. Rd1 Rd4 26. Rxd4 Qxd4 27. Qe2 Kg7 28. Bf1 Ng6 29. b4 Ne5 30. c5 Qxb4 31. Qh5 Qxc5 32. Kg2 Ng4 33. Kh3 Qxf2 34. Bg2 Nf6 35. Qh4 Qe3 36. Bf1 c5 37. Kg2 Qd2+ 38. Kh1 Qc1 39. Kg1 Qe3+ 40. Kg2 Qg5 41. Qh3 Ng4 42. Bc4 Qd2+ 43. Kf1 Qf2# 0-1

[Event "Titled Tuesday intern op 01st Aug Late"]
[Site "Chess.com INT"]
[Date "2023.08.01"]
[Round "2"]
[White "Vafin, Ayrat"]
[Black "Pinheiro, Iung Alicio"]
[Result "0-1"]
[WhiteElo "2302"]
[BlackElo "2306"]
[PlyCount "136"]
[EventDate "2023.08.01"]
[EventType "swiss (blitz)"]
[EventRounds "11"]
[EventCountry "USA"]
[SourceTitle "EXT 2024"]
[Source "ChessBase"]
[SourceDate "2023.10.10"]
[SourceVersion "1"]
[SourceVersionDate "2023.10.10"]
[SourceQuality "1"]

1. Nf3 d5 2. g3 c6 3. Bg2 Nf6 4. 0-0 Bf5 5. d3 h6 6. c4 e6 7. Be3 dxc4 8. dxc4 Qxd1 9. Rxd1 Nbd7 10. Nc3 Bc5 11. Bd2 Ng4 12. Be1 Nge5 13. Rac1 Nxf3+ 14. Bxf3 Ne5 15. Bg2 Rd8 16. Rxd8+ Kxd8 17. Na4 Be7 18. Bc3 Bf6 19. f4 Nd7 20. Bxf6+ Nxf6 21. Nc5 b6 22. Nb3 Kc7 23. Nd4 Be4 24. Bxe4 Nxe4 25. Kf1 Rd8 26. Rd1 a6 27. Ke1 Nd6 28. b3 c5 29. Nf3 Ra8 30. Ne5 f6 31. Nd3 Ne4 32. Nf2 Nc3 33. Rd2 b5 34. Rc2 b4 35. Nd1 Ne4 36. Nf2 Nd6 37. Rd2 Kc6 38. e4 a5 39. Ke2 a4 40. e5 fxe5 41. fxe5 Nf5 42. Kf1 axb3 43. axb3 Ra3 44. g4 Nd4 45. Ne4 Rxb3 46. Rf2 Rf3 47. Rxf3 Nxf3 48. Ke2 Nxe5 49. Nd2 Nxg4 50. Kf3 Nf6 51. Kf4 Kd6 52. Ke3 e5 53. Nf3 Ng4+ 54. Ke4 Nf2+ 55. Ke3 Nd1+ 56. Kd2 Nb2 57. Kc2 Nxc4 58. Kd3 Nb6 59. Nd2 c4+ 60. Ke3 Kc5 61. Ne4+ Kb5 62. Nd2 Ka4 63. Ne4 Ka3 64. Nc5 b3 65. Kd2 Ka2 66. Na4 Nxa4 67. Kc1 b2+ 68. Kd2 b1Q 0-1